000 00685nam a22002297a 4500
003 OTs
005 20260530113921.0
008 260520b1989 |||ao||| |||| 00| 0 spa d
040 _aICI
_bspa
_cICI
_erda
050 _aNX180
_bP76 1989
245 _aPrograma de difusión cultural
_bMayo, Junio, Julio
264 _aMéxico
_c1989
300 _a51 Páginas
336 _2rdacontent
_atexto
337 _2rdamedia
_asin medio
338 _2rdacarrier
_avolumen
650 _aDifusión cultural
_vProgramas
_934642
650 _aActividades culturales
_vPublicaciones periódicas
_934643
650 _aArte y sociedad
_91426
650 _aPromoción cultural
_934644
942 _2lcc
_n1
_cBK
999 _c12446
_d12446